000 00720nam a2200205 i 4500
001 34558
003 ES-MaACL
005 20250929063103.0
007 t|
008 030207s1952 sp ||||1| spa d
100 1 _aDufoyer, Pierre,
_d1898-1959
_9171461
245 1 3 _aLa felicidad conyugal... /
_cRené Boigelot, Angel del Hogar [seud.].
260 _aBilbao :
_bDesclée de Brouwer,
_c1952 (
_fGráfs. Bilbao)
300 _a2 v. ;
_c19 cm.
490 1 _aColección educación y familia
505 8 _aContiene: V. I: Sus obstáculos. -- V. II: Su éxito
830 0 0 _aColección educación y familia (Desclée de Brouwer)
_9182029
852 _aES-MaACL
_jC-10531-32
_bR.38876-77
999 _c34558
_d34558